=LDR 00000nam 2200000 4500 =001 INLIS000000000012367 =005 20130612103910 =008 ***********************************Ind** =035 ##$$0010-061300000012367 =041 ##$$a Ind =082 ##$$a 390.598 293 =090 ##$$a 390.598 293, Yus t =100 ##$$a Yunus Wiwiek partiwi =245 ##$$a Tradisional dan kebiasaan makan pada masyarakat di jawa tengah, Drs.wiwiek partiwi yusuf =260 ##$$a 1997 $b Jakart =300 ##$$a 91 hlm, Ilus, 21 cm =650 ##$$a Tata krama kebisaan jawa tengah =850 ##$$a NBPNMAT